000 00419nam a2200169Ia 4500
005 20250423100327.0
008 250422s9999 xx 000 0 und d
020 _a0-201-84456-7
100 _aDavid S. Linthicum
245 0 _aNEXT Generaltion Application Integration
260 _aCanada
260 _bADDISION WESLEY
260 _c2000
300 _a488 p
650 _aCataloging inpublication
942 _cBK
999 _c32971
_d32971